00684nam a2200229Ia 450000100060000000300090000600800410001504000130005604000130006904100120008210000190009410000290011324500260014224500730016825000110024126000110025226000200026326000490028330000560033265000350038865000310042322975IT-RoPAU130308s9999 xx 000 0 und d aIT-RoPAU cIT-RoPAU aINGLESE aGrimshaw Roger gCodice Aut. SPICS: 6261 aGreen Farm Scout Camp bCulture, Media, Language-Working Papers in Cultural Studies, 1972-79 a2a ed. aLONDON bHutchinson & C. c1981 [1° Ed.:1980 - Ed.Ling.Originale:1980] a"9 p. (prefazione: no ; testo: 9 [pagine: 96-104])" aSAGGI DI COMUNICAZIONE SOCIALE eCodice materia Spics: 3807